000 00414nam a22001457a 4500
999 _c511205
_d511205
082 _aR1064x54 M317/2005
100 _aGupta, Hari N.
_910452
245 _aManpower Profile
_bIndia Yearbook 2005
260 _aDelhi
_bInstitute of Applied Manpower Research
_c2006
300 _a354p.
650 _aOccupations
_911056
650 _aProfessions
_911057
650 _a India
_911058
650 _a Labor supply
_911059